000 01576nam a2200457 a 4500
001 2787779
005 20210625105936.0
008 060703t20062001nyu 000 1 eng d
020 _a9780812971385 :
_c$17.00
020 _a0812971388 (pbk.) :
_c$17.00
035 _a(OCoLC)64773982
035 _a(OCoLC)ocm64773982
035 _a2777204
040 _aPABRO
_cPABRO
_erda
049 _aIGAA
050 4 _aPS3566.E718
_bP87 2006
082 0 4 _a813/.54
_223
092 _aF
100 1 _aPerry, Thomas,
_d1947-
_eauthor
_916313
245 1 0 _aPursuit :
_ba novel /
_cThomas Perry.
260 _aNew York :
_bRandom House Trade Paperbacks,
_c2006, c2001.
264 1 _aNew York :
_bRandom House Trade Paperbacks,
_c2006.
264 4 _cc2001.
300 _a382 p. ;
_c20 cm.
336 _atext
337 _aunmediated
338 _avolume
650 0 _aEx-police officers
_vFiction.
_95674708
650 0 _aSerial murders
_vFiction.
_95678480
650 0 _aMass murder
_vFiction.
_95681344
650 0 _aMurderers
_vFiction.
_95675302
650 7 _aFICTION / Mystery & Detective / Hard-Boiled
_2bisacsh
_95735142
650 7 _aFICTION / Thrillers / Crime
_2bisacsh
_95718921
650 7 _aFICTION / Thrillers / Suspense
_2bisacsh
_95716084
655 7 _aPsychological fiction.
_2lcsh
_95673631
655 7 _aMystery fiction.
_2gsafd
787 0 _nOCLC Work Id
_ohttp://worldcat.org/entity/work/id/326275578
942 _2ddc
_cBOOK
999 _c278043
_d278043
999 _bF